000 01222cam a22002651i 4500
003 SA-RiAUC
005 20260413124425.0
008 260406s1959 ua g 000 0 ara c
040 _aSA-JeALM
_bara
_cSA-RiAUC.
_erda
082 0 4 _a189.109
_qSA-RiAUC
090 _a189.109
_bن ع ي
100 1 _aنعيم، محمد السيد
_eمؤلف.
245 1 0 _aفي الفلسفة الإسلامية وصلاتها بالفلسفة اليونانية /
_cتأليف محمد السيد نعيم، عوض الله جاد حجازي.
250 _aالطبعة الثانية.
_bمزيدة ومنقحة
264 1 _aالقاهرة :
_bدار الطباعة المحمدية،
_c1959
300 _a380 صفحة ؛
_c20 سم.
336 _aنص
_btxt
_2rdacontent
_3كتاب
337 _aبدون وسيط
_bn
_2rdamedia
500 _aاهداء من المؤلف عوض الله حجازي الى الشيخ رحمه الله بتاريخ 22 / 11 / 1398 هـ
650 7 _aالفلسفة الإسلامية
_xتاريخ
_2aucsh
650 7 _aالفلسفة اليونانية
_2aucsh
700 1 _aحجازي، عوض الله جاد أحمد
_eمؤلف.
942 _2ddc
_cBOOK
_n0
949 _aSA-JeALM
_d260406
_uosman123
_n1
999 _c14756
_d14756